000 00795nab a2200241u 4500
001 15437
003 HDC
007 c| |||a|c|aaaa
008 210217b20130919my ||||| |||| 00| 0 may d
040 _aHDC
100 _aAHMAD FARIZAL HAJAT /
_eauthor
_99361
245 0 _aHab halal terbesar dunia /
_cAHMAD FARIZAL HAJAT
336 _atext
_2rdacontent
337 _acomputer
_2rdamedia
338 _aonline resource
_2rdacarrier
650 _ahalal hub
_92262
650 _aHalal Industry Development Corporation (HDC)
_94944
710 _aBERITA HARIAN
856 _zRequest full-text at [email protected]
942 _2lcc
942 _cNEWS
942 _kNWSC 003711
999 _c12753
_d12753